00290nam a2200121Ia 4500008004100000100003200041245001900073260003000092300000800122650001400130942000700144999001700151190216s9999||||xx |||||||||||||| ||und|| aChangampuzha Krishan Pillai 0aUdyana Lakshmi bNational Book Stallc1978 a63p aKavithkal cBK c24202d24202